Central electricity regulatory commission rules and regulations / (Record no. 150011)
[ view plain ]
| 000 -LEADER | |
|---|---|
| fixed length control field | 00773nam a22001937a 4500 |
| 005 - DATE AND TIME OF LATEST TRANSACTION | |
| control field | 20180219141131.0 |
| 010 ## - LCCN (DPL NO) | |
| LC control number | B-689583 |
| 020 ## - INTERNATIONAL STANDARD BOOK NUMBER | |
| Terms of availability | 395.00 |
| 035 ## - SYSTEM CONTROL NUMBER | |
| System control number | B-689583 |
| 037 ## - SOURCE OF ACQUISITION | |
| Stock number | dpl |
| Source of stock number/acquisition | KKP |
| 082 ## - DEWEY DECIMAL CLASSIFICATION NUMBER | |
| Classification number | 343.540929 |
| 245 ## - TITLE STATEMENT | |
| Title | Central electricity regulatory commission rules and regulations / |
| 260 ## - PUBLICATION, DISTRIBUTION, ETC. (IMPRINT) | |
| Place of publication, distribution, etc | Delhi |
| Name of publisher, distributor, etc | Universal Law Publishing |
| Date of publication, distribution, etc | 2017 |
| 270 ## - ADDRESS | |
| Address | LexisNexis, 14th Floor, Building No.10, DLF Cyber City, Phase-II |
| City | Gurgaon |
| Postal code | 122002 |
| 300 ## - PHYSICAL DESCRIPTION | |
| Extent | xxiii,457p. |
| Dimensions | 23cm(pbk) |
| 505 ## - FORMATTED CONTENTS NOTE | |
| Formatted contents note | (Rashtrapati Bhawan) |
| 942 ## - ADDED ENTRY ELEMENTS (KOHA) | |
| Source of classification or shelving scheme | Dewey Decimal Classification |
| Item type | English Books |
| Call number suffix | CEN |
| Classification part | 343.540929 |
| Withdrawn status | Lost status | Not for loan | Collection code | Home library | Current library | Date acquired | Source of acquisition | Cost, normal purchase price | Full call number | Barcode | Copy number | Cost, replacement price | Koha item type |
|---|---|---|---|---|---|---|---|---|---|---|---|---|---|
| Non-fiction | Mobile Library | Mobile Library | 19/02/2018 | KKP/BL-61/14.2.2018/EN/SPL/2017-18/769/10.2.2018/16.2.2018 | 395.00 | 343.540929 CEN | B-689583 | 1 | 395.00 | English Books |
